[Event "AUTO-ADV-3345"]
[Site "http://www.queenalice.com/game.php?id=1338351"]
[Date "2015.1.31"]
[Round "1"]
[White "Netuno"]
[Black "Bategoll"]
[Result "1/2-1/2"]
[WhiteElo "1942"]
[BlackElo "1824"]

1. e4 e5 2. Nf3 Nc6 3. Bc4 Nf6 4. Ng5 d5 5. exd5 Na5 6. Bb5+ Bd7 7. Bxd7+ Qxd7
8. Nc3 Bc5 9. O-O O-O 10. Qf3 b6 11. d3 Nb7 12. Be3 Bxe3 13. fxe3 Nd6 14. e4 a5
15. a3 h6 16. Nh3 Ng4 17. Nf2 f5 18. Nxg4 fxg4 19. Qg3 h5 20. Qxe5 Qe8 21. Rxf8+
Kxf8 22. Rf1+ Kg8 23. Qxe8+ Rxe8 24. g3 Kh7 25. Re1 Kh6 26. d4 Nc4 27. Nd1 Nd2
28. Kg2 Rxe4 29. Rxe4 Nxe4 30. b3 Kg5 31. Ne3 Kf6 32. h3 gxh3+ 33. Kxh3 g6 34.
Kg2 g5 35. Kf3 Nd6 36. c4 Kg6 37. c5 Nc8 38. b4 axb4 39. axb4 bxc5 40. dxc5 Na7
41. Ke4 Nb5 42. Kd3 h4 43. gxh4 gxh4 44. Kc4 h3 45. Ng4 Kg5 46. Nh2 Na7 47. d6
cxd6 48. cxd6 Kf6 49. Kc5 Ke6 50. Nf3 Kd7 51. Ne5+ Kd8 52. d7 h2 53. Kd6 Nb5+
54. Ke6 Nc7+ 55. Kd6 Nb5+ 56. Ke6 Nc7+ 57. Kd6 Nb5+ 1/2-1/2

[Event "AUTO-ADV-3345"]
[Site "http://www.queenalice.com/game.php?id=1338366"]
[Date "2015.1.31"]
[Round "1"]
[White "Netuno"]
[Black "Janivgm"]
[Result "1-0"]
[WhiteElo "1920"]
[BlackElo "1940"]

1. e4 e5 2. Nf3 Nf6 3. Nxe5 d6 4. Nf3 Nxe4 5. d4 d5 6. Bd3 Be7 7. O-O Nc6 8. Re1
Bg4 9. Bxe4 dxe4 10. Rxe4 Bf5 11. Re1 O-O 12. Nc3 Bf6 13. Be3 a6 14. a3 Re8 15.
Qd2 Ne7 16. h3 h6 17. Rad1 b5 18. Na2 Nd5 19. c3 Nxe3 20. fxe3 Be4 21. Qf2 a5
22. Nd2 Bd5 23. Nc1 Bh4 24. g3 Bf6 25. e4 Bb7 26. e5 Be7 27. Rf1 f6 28. exf6
Bxf6 29. Rde1 Qd5 30. Qf3 Qxf3 31. Nxf3 Rf8 32. Ne5 Bd5 33. Nd7 Rf7 34. Nxf6+
gxf6 35. Nd3 Bc4 36. Rf3 Kg7 37. Nf4 c6 38. Ng2 Raf8 39. Nf4 f5 40. Ne6+ Bxe6
41. Rxe6 Rc8 42. Kg2 f4 43. Rxf4 Rxf4 44. gxf4 h5 45. Kf3 c5 46. dxc5 Rxc5 47.
Re5 Rxe5 48. fxe5 Kf7 49. Kf4 Ke6 50. h4 a4 51. Ke4 1-0

[Event "AUTO-ADV-3345"]
[Site "http://www.queenalice.com/game.php?id=1338367"]
[Date "2015.1.31"]
[Round "1"]
[White "Janivgm"]
[Black "Netuno"]
[Result "1-0"]
[WhiteElo "1909"]
[BlackElo "1931"]

1. d4 Nf6 2. c4 g6 3. Nc3 Bg7 4. e4 d6 5. Be2 O-O 6. Bg5 c5 7. d5 e6 8. f4 Qa5
9. Qd2 Bd7 10. Nf3 Qd8 11. e5 dxe5 12. fxe5 exd5 13. cxd5 1-0

[Event "AUTO-ADV-3356"]
[Site "http://www.queenalice.com/game.php?id=1342023"]
[Date "2015.2.16"]
[Round "1"]
[White "Consultti"]
[Black "Netuno"]
[Result "1-0"]
[WhiteElo "1650"]
[BlackElo "1949"]

1. e4 e5 2. Nf3 Nc6 3. Nc3 Nf6 4. Bc4 Bc5 5. d3 d6 6. Ng5 O-O 7. Qf3 h6 8. Nd5
hxg5 9. Bxg5 Nd4 10. Qg3 Nh5 11. Qh4 Qd7 12. Qxh5 Nxc2+ 13. Kd2 Re8 14. Kxc2 Qg4
15. Nf6+ gxf6 16. Qxf7+ Kh8 17. Bxf6+ 1-0

[Event "AUTO-ADV-3356"]
[Site "http://www.queenalice.com/game.php?id=1342024"]
[Date "2015.2.16"]
[Round "1"]
[White "Netuno"]
[Black "Consultti"]
[Result "1-0"]
[WhiteElo "1914"]
[BlackElo "1665"]

1. e4 e5 2. Nf3 Nc6 3. Bb5 Nf6 4. O-O Nxe4 5. d4 Nd6 6. dxe5 Nxb5 7. a4 Nbd4 8.
Nxd4 d6 9. Nxc6 bxc6 10. exd6 Bxd6 11. Re1+ Kf8 12. Nc3 Qf6 13. Qe2 Qg6 14. Qe8#
1-0

[Event "AUTO-ADV-3356"]
[Site "http://www.queenalice.com/game.php?id=1342035"]
[Date "2015.2.16"]
[Round "1"]
[White "maurice91"]
[Black "Netuno"]
[Result "0-1"]
[WhiteElo "1857"]
[BlackElo "1921"]

1. d4 d5 2. Nf3 Nf6 3. Bg5 e6 4. Nbd2 Be7 5. h3 h6 6. Bf4 b6 7. c4 O-O 8. e3
dxc4 9. Nxc4 Bb4+ 10. Nfd2 Bb7 11. Qc2 Nd5 12. Bh2 Nd7 13. e4 Bxd2+ 14. Nxd2 Nb4
15. Qc3 Nc6 16. Bb5 Ndb8 17. Rc1 a6 18. Bxc6 Bxc6 19. O-O a5 20. Rfe1 Ra7 21. b3
Qd7 22. Nc4 f6 23. e5 Qd5 24. f3 f5 25. Ne3 Qd7 26. f4 Be4 27. Re2 Rd8 28. Rd2
Na6 29. a3 c6 30. Nf1 Nc7 31. b4 axb4 32. Qxb4 b5 33. Ng3 Bd5 34. Kf1 Bc4+ 35.
Ke1 Nd5 36. Qb2 Nxf4 37. Nxf5 Nd3+ 38. Rxd3 Bxd3 39. Nd6 Qc7 40. Qc3 Bc4 41. Bg1
Rda8 42. Qg3 Qa5+ 43. Rc3 Bd5 44. Bf2 Qd8 45. Kf1 Qf8 46. Kg1 Rb8 47. Rc1 b4 48.
axb4 Rxb4 49. Rf1 Qe7 50. Be3 Rb3 51. Rf3 Bxf3 52. Qxf3 Qf8 53. Qg3 Ra4 54. Qe1
Qa8 55. Ne4 Ra1 0-1

[Event "AUTO-ADV-3356"]
[Site "http://www.queenalice.com/game.php?id=1342036"]
[Date "2015.2.16"]
[Round "1"]
[White "Netuno"]
[Black "maurice91"]
[Result "1-0"]
[WhiteElo "1937"]
[BlackElo "1827"]

1. e4 c6 2. d4 d5 3. Nc3 dxe4 4. Nxe4 Nf6 5. Nxf6+ exf6 6. Bc4 Be6 7. Bxe6 fxe6
8. Nf3 Be7 9. O-O O-O 10. Re1 Qd6 11. c3 Nd7 12. Qe2 e5 13. dxe5 fxe5 14. Nxe5
Nb6 15. Nc4 Nxc4 16. Qxc4+ Kh8 17. Qe6 Rae8 18. Qxd6 Bxd6 19. Rxe8 Rxe8 20. Be3
b6 21. Rd1 Bb8 22. Kf1 Kg8 23. g3 c5 24. a3 h6 25. Kg2 Kf7 26. h4 Bc7 27. Rd7+
Re7 28. Rxe7+ Kxe7 29. Kf3 h5 30. Ke4 Ke6 31. Bf4 Bxf4 32. Kxf4 g6 33. b3 b5 34.
Kg5 Kf7 35. f3 Kg7 36. Kf4 Kf6 37. g4 hxg4 38. fxg4 a6 39. Ke4 Ke6 40. h5 gxh5
41. gxh5 a5 42. h6 Kf6 43. Kd5 c4 44. bxc4 1-0

[Event "AUTO-ADV-3356"]
[Site "http://www.queenalice.com/game.php?id=1342043"]
[Date "2015.2.16"]
[Round "1"]
[White "Netuno"]
[Black "pssservicos"]
[Result "1-0"]
[WhiteElo "1934"]
[BlackElo "1506"]

1. e4 e5 2. Nf3 Nc6 3. Bb5 h6 4. Nc3 a6 5. Ba4 b5 6. Bb3 Bb4 7. a3 Bxc3 8. dxc3
Nf6 9. O-O Nxe4 10. Qd5 O-O 11. Qxe4 Qf6 12. Bd5 Bb7 13. Qg4 Nd8 14. Bxb7 Ra7
15. Be4 Ne6 16. Qf5 Qxf5 17. Bxf5 Nc5 18. Be3 d6 19. Bxc5 dxc5 20. Nxe5 f6 21.
Nd7 Rf7 22. Be6 c6 23. Nxc5 Kf8 24. Bxf7 Kxf7 25. Rfe1 a5 26. Rad1 b4 27. cxb4
axb4 28. axb4 Ra2 29. Nd3 g5 30. Ra1 Rxa1 31. Rxa1 Ke6 32. Ra8 f5 33. Rh8 Kd5
34. Rxh6 g4 35. Kf1 Kc4 36. Rxc6+ Kd4 37. b5 Ke4 38. b6 1-0

[Event "AUTO-ADV-3356"]
[Site "http://www.queenalice.com/game.php?id=1342044"]
[Date "2015.2.16"]
[Round "1"]
[White "pssservicos"]
[Black "Netuno"]
[Result "0-1"]
[WhiteElo "1487"]
[BlackElo "1936"]

1. e4 e5 2. Nf3 Nc6 3. Bb5 a6 4. Bxc6 dxc6 5. Nxe5 Qd4 6. Nf3 Qxe4+ 7. Qe2 Qxe2+
8. Kxe2 Bg4 9. Re1 O-O-O 10. Kf1 Bxf3 11. gxf3 Bd6 12. Nc3 Bxh2 13. Ne4 Re8 14.
Ng5 Rxe1+ 15. Kxe1 Nh6 16. d4 f6 17. Ne6 Re8 18. Bxh6 gxh6 19. Kd2 Rxe6 20. Rh1
Bf4+ 21. Kd1 Rd6 22. c3 c5 23. Rh4 Bg5 24. Rg4 f5 25. Rg1 cxd4 26. cxd4 Rxd4+
27. Ke2 Rd2+ 28. Kf1 Rd1+ 29. Kg2 Rxg1+ 30. Kxg1 Kd7 31. Kg2 Ke6 32. Kg3 Ke5 33.
b4 b6 34. a4 b5 35. axb5 axb5 36. Kg2 Bd2 37. Kg3 Bxb4 38. f4+ Kf6 39. Kh4 Be1
40. Kg3 b4 41. Kg2 b3 42. Kf1 Bd2 43. Ke2 Bxf4 44. Kd1 h5 45. f3 h4 0-1

[Event "AUTO-ADV-3389"]
[Site "http://www.queenalice.com/game.php?id=1352214"]
[Date "2015.4.7"]
[Round "1"]
[White "NickThorp"]
[Black "Netuno"]
[Result "1-0"]
[WhiteElo "1687"]
[BlackElo "1957"]

1. e4 e5 2. Nf3 Nc6 3. Bb5 a6 4. Ba4 b5 5. Bb3 Na5 6. O-O Nxb3 7. axb3 Bb7 8. d3
d6 9. Be3 Nf6 10. Nc3 c5 11. Ne2 1-0

[Event "AUTO-ADV-3389"]
[Site "http://www.queenalice.com/game.php?id=1352215"]
[Date "2015.4.7"]
[Round "1"]
[White "Netuno"]
[Black "NickThorp"]
[Result "1-0"]
[WhiteElo "1979"]
[BlackElo "1625"]

1. e4 e5 2. Nf3 Nc6 3. Bb5 a6 4. Ba4 b5 5. Bb3 Nf6 6. d3 Bb4+ 7. Bd2 Bxd2+ 8.
Qxd2 d6 9. h3 O-O 10. a3 Qe7 11. Nc3 b4 12. Nd5 Nxd5 13. Bxd5 Bd7 14. axb4 Rab8
15. Bxc6 Bxc6 16. Rxa6 Qd7 17. c4 Ra8 18. Rxa8 Rxa8 19. O-O Ra2 20. b5 Ba8 21.
Rb1 c5 22. Qc3 Ra7 23. b4 Qb7 24. bxc5 f6 25. cxd6 Qd7 26. c5 Kf7 27. b6 Ra4 28.
Qb3+ Kf8 29. Ne1 Bc6 30. Qc3 Ra8 31. Ra1 Rxa1 32. Qxa1 Kf7 33. Qa7 Bb7 34. Nf3
Ke8 35. Qb8+ Qc8 36. Qxc8+ Bxc8 37. c6 Kd8 38. b7 1-0

[Event "AUTO-ADV-3389"]
[Site "http://www.queenalice.com/game.php?id=1352226"]
[Date "2015.4.7"]
[Round "1"]
[White "Fauquinelle"]
[Black "Netuno"]
[Result "0-1"]
[WhiteElo "2001"]
[BlackElo "1961"]

1. e4 e5 2. Nf3 Nc6 3. d4 exd4 4. Nxd4 Bc5 5. Be3 Nxd4 6. Bxd4 Bxd4 7. Qxd4 Qf6
8. Qc3 Qxc3+ 9. Nxc3 c6 10. O-O-O Ne7 11. f4 g6 12. h3 O-O 13. g4 b5 14. Bd3 d6
15. f5 Bb7 16. f6 Nc8 17. a3 a5 18. h4 b4 19. Ne2 Nb6 20. g5 c5 21. Nf4 c4 22.
Be2 Bxe4 23. Rh2 d5 24. h5 Rfe8 25. hxg6 hxg6 26. Bg4 c3 27. Bd7 Nxd7 28. Nxd5
Bxd5 29. Rxd5 Re1+ 0-1

[Event "AUTO-ADV-3389"]
[Site "http://www.queenalice.com/game.php?id=1352227"]
[Date "2015.4.7"]
[Round "1"]
[White "Netuno"]
[Black "Fauquinelle"]
[Result "1-0"]
[WhiteElo "1930"]
[BlackElo "1957"]

1. e4 e5 2. Nf3 Nc6 3. Bb5 a6 4. Ba4 d6 5. c3 f5 6. exf5 Bxf5 7. O-O Nf6 8. d4
b5 9. Bb3 e4 10. Ng5 d5 11. f3 h6 12. fxe4 Bxe4 13. Nxe4 Nxe4 14. Qh5+ Kd7 15.
Qf5+ Ke7 16. Qf7+ Kd6 17. Qxd5+ Ke7 18. Rf7+ Ke8 19. Qxc6+ 1-0

[Event "AUTO-ADV-3389"]
[Site "http://www.queenalice.com/game.php?id=1352232"]
[Date "2015.4.7"]
[Round "1"]
[White "jlpbarreto"]
[Black "Netuno"]
[Result "0-1"]
[WhiteElo "2008"]
[BlackElo "1938"]

1. e4 e5 2. Nf3 Nc6 3. Bc4 Bc5 4. O-O Nf6 5. c3 d5 6. exd5 Nxd5 7. Qb3 Be6 8.
Re1 O-O 9. Nxe5 Bxf2+ 10. Kxf2 Nxe5 11. d4 Qh4+ 12. Kf1 Ne3+ 13. Bxe3 Bxc4+ 0-1

[Event "AUTO-ADV-3389"]
[Site "http://www.queenalice.com/game.php?id=1352233"]
[Date "2015.4.7"]
[Round "1"]
[White "Netuno"]
[Black "jlpbarreto"]
[Result "1-0"]
[WhiteElo "1947"]
[BlackElo "1898"]

1. e4 e5 2. Nf3 Nc6 3. Bb5 Nf6 4. O-O Be7 5. Nc3 O-O 6. Bxc6 dxc6 7. h3 h6 8. d3
Bd6 9. Be3 Re8 10. Qd2 Qe7 11. Ne2 Bc5 12. Bxc5 Qxc5 13. Qc3 Qe7 14. a3 Be6 15.
Qxe5 Rad8 16. Nf4 Nd7 17. Qxc7 1-0

[Event "AUTO-ADV-3356"]
[Site "http://www.queenalice.com/game.php?id=1363270"]
[Date "2015.6.3"]
[Round "2"]
[White "jlpbarreto"]
[Black "Netuno"]
[Result "0-1"]
[WhiteElo "1792"]
[BlackElo "1981"]

1. e4 e5 2. Nf3 Nc6 3. d4 exd4 4. Nxd4 Bc5 5. c3 Be7 6. Bd3 Nf6 7. O-O O-O 8.
Bf4 d5 9. e5 Ne4 10. b4 Nxd4 11. cxd4 Bxb4 12. Bxe4 dxe4 13. a3 Ba5 14. Re1 Bxe1
0-1

[Event "AUTO-ADV-3356"]
[Site "http://www.queenalice.com/game.php?id=1363271"]
[Date "2015.6.3"]
[Round "2"]
[White "Netuno"]
[Black "jlpbarreto"]
[Result "1-0"]
[WhiteElo "2028"]
[BlackElo "1878"]

1. e4 e5 2. Nf3 Nc6 3. Bc4 Bc5 4. c3 h6 5. O-O Nf6 6. d3 d6 7. b4 Bb6 8. b5 Na5
9. Nbd2 O-O 10. h3 Be6 11. Bxe6 fxe6 12. Bb2 a6 13. a4 Qe8 14. c4 c5 15. Qe2 Bd8
16. Bc3 b6 17. Bxa5 bxa5 18. Nb3 axb5 19. axb5 a4 20. Qb2 Be7 21. Nbd2 Nd7 22.
b6 1-0

[Event "AUTO-ADV-3356"]
[Site "http://www.queenalice.com/game.php?id=1363272"]
[Date "2015.6.3"]
[Round "2"]
[White "andrevillares"]
[Black "Netuno"]
[Result "0-1"]
[WhiteElo "1746"]
[BlackElo "2042"]

1. d4 d5 2. c4 e6 3. Nc3 Nf6 4. Bg5 Be7 5. Nf3 h6 6. Bxf6 Bxf6 7. e3 O-O 8. Be2
Nc6 9. O-O Qd6 10. cxd5 exd5 11. Qb3 Rd8 12. Nd2 a6 13. Bf3 Ne7 14. Rfd1 c6 15.
e4 Bxd4 16. exd5 Nxd5 17. Nc4 Qc5 18. Ne4 Qa7 19. Rd2 Be6 20. Ned6 b5 21. Qa3
bxc4 22. Nxc4 Qc5 23. Qxc5 Bxc5 24. Rad1 Rab8 0-1

[Event "AUTO-ADV-3356"]
[Site "http://www.queenalice.com/game.php?id=1363273"]
[Date "2015.6.3"]
[Round "2"]
[White "Netuno"]
[Black "andrevillares"]
[Result "1-0"]
[WhiteElo "2038"]
[BlackElo "1750"]

1. e4 c6 2. d4 d5 3. Nc3 dxe4 4. Nxe4 Nd7 5. Bc4 Ndf6 6. Ng5 e6 7. N1f3 h6 8.
Nh3 Bd6 9. O-O Ne7 10. Ne5 O-O 11. Nf4 c5 12. Be3 cxd4 13. Qxd4 Nf5 14. Qc3 Ne4
15. Qd3 Nxf2 16. Bxf2 Bxe5 17. Bc5 Re8 18. Bb5 Qc7 19. Bxe8 Qxc5+ 20. Kh1 b6 21.
Qe4 Rb8 22. Nd3 Qc7 23. Qxe5 Qxe5 24. Nxe5 Ba6 25. Bxf7+ Kh8 26. Rf2 1-0

[Event "AUTO-ADV-3389"]
[Site "http://www.queenalice.com/game.php?id=1371502"]
[Date "2015.7.13"]
[Round "2"]
[White "josebaron"]
[Black "Netuno"]
[Result "0-1"]
[WhiteElo "2122"]
[BlackElo "2046"]

1. e4 c5 2. Bc4 d6 3. Nf3 Nf6 4. Nc3 Nc6 5. O-O e6 6. d4 cxd4 7. Nxd4 Be7 8.
Nxc6 bxc6 9. Bd3 O-O 10. f4 Qb6+ 11. Kh1 e5 12. f5 d5 13. exd5 cxd5 14. a3 Bb7
15. Na4 Qc6 16. c3 d4 17. Rf2 e4 18. Bf1 d3 19. h3 Nd5 20. c4 Qxc4 21. Nc3 Nxc3
22. bxc3 Bc5 23. Rf4 Qxc3 24. Bd2 Qd4 25. Bb4 Qg1# 0-1

[Event "AUTO-ADV-3389"]
[Site "http://www.queenalice.com/game.php?id=1371503"]
[Date "2015.7.13"]
[Round "2"]
[White "Netuno"]
[Black "josebaron"]
[Result "1-0"]
[WhiteElo "2065"]
[BlackElo "2158"]

1. e4 e5 2. Nf3 Nc6 3. Bc4 Be7 4. Nc3 Nf6 5. O-O O-O 6. d3 d6 7. h3 a6 8. Be3 h6
9. a3 Be6 10. Bxe6 fxe6 11. Qd2 Kh7 12. b4 d5 13. exd5 exd5 14. d4 e4 15. Ne5
Ng8 16. f3 Nxe5 17. dxe5 exf3 18. Rxf3 Rxf3 19. gxf3 c6 20. Ne2 Bg5 21. f4 Be7
22. Qd3+ Kh8 23. Kg2 Bh4 24. Nd4 Qe8 25. Nf5 Qg6+ 26. Kh2 Be7 27. Rg1 Qe6 28.
Rxg7 Bf8 29. Nd4 Qxh3+ 30. Kxh3 Bxg7 31. Ne6 Ne7 32. Bc5 Re8 33. Nc7 Rc8 34.
Nxa6 Re8 35. Nc7 Rc8 36. Ne6 Bf8 37. Nxf8 1-0